[Event "Bucaramanga Santander-ch"]
[Site "Bucaramanga"]
[Date "2024.11.01"]
[Round "7"]
[White "Carrillo Parra, Miguel Alfredo"]
[Black "Sanchez, Sebastian Felipe"]
[Result "0-1"]
[WhiteElo "2199"]
[BlackElo "2384"]
[PlyCount "58"]
[EventDate "2024.10.29"]
[EventType "swiss"]
[EventRounds "9"]
[EventCountry "COL"]
[SourceTitle "CB45_2024"]
[Source "ChessBase"]
[SourceDate "2024.11.06"]
[SourceVersion "1"]
[SourceVersionDate "2024.11.06"]
[SourceQuality "1"]

1. d4 Nf6 2. c4 e6 3. Nc3 Bb4 4. Nf3 0-0 5. Bg5 h6 6. Bh4 c5 7. e3 cxd4 8. Qxd4 Nc6 9. Qd3 Qa5 10. Be2 Ne4 11. Rc1 Bxc3+ 12. bxc3 Nc5 13. Qd2 b6 14. Nd4 Ba6 15. 0-0 Rac8 16. Nb5 d5 17. cxd5 Bxb5 18. dxc6 Ne4 19. Qb2 Bxe2 20. Qxe2 Rxc6 21. c4 Rfc8 22. f3 Nc3 23. Qb2 Rxc4 24. Be1 Qe5 25. Rc2 Qxe3+ 26. Bf2 Qf4 27. Qa3 Nb5 28. Rxc4 Qxc4 29. Qa6 Nc3 0-1

[Event "Bucaramanga Santander-ch"]
[Site "Bucaramanga"]
[Date "2024.10.30"]
[Round "3"]
[White "Flom, Gabriel"]
[Black "Sanchez, Sebastian Felipe"]
[Result "1/2-1/2"]
[WhiteElo "2460"]
[BlackElo "2384"]
[PlyCount "111"]
[EventDate "2024.10.29"]
[EventType "swiss"]
[EventRounds "9"]
[EventCountry "COL"]
[SourceTitle "CB45_2024"]
[Source "ChessBase"]
[SourceDate "2024.11.06"]
[SourceVersion "1"]
[SourceVersionDate "2024.11.06"]
[SourceQuality "1"]

1. d4 Nf6 2. c4 e6 3. Nc3 Bb4 4. Qc2 c5 5. dxc5 0-0 6. Nf3 Na6 7. g3 Nxc5 8. Bg2 b6 9. 0-0 Bb7 10. Nb5 Be4 11. Qd1 Nb7 12. a3 Be7 13. Bf4 a6 14. Nc3 Bc6 15. b4 Rc8 16. Rc1 h6 17. Qb3 Qe8 18. Qa2 d6 19. Rfd1 b5 20. cxb5 axb5 21. Be3 d5 22. Ne5 Nd6 23. Bc5 Ba8 24. a4 Nc4 25. Nd3 bxa4 26. Qxa4 Bxc5 27. Nxc5 Qxa4 28. N3xa4 Bc6 29. e4 Bxa4 30. Nxa4 Nxe4 31. Bxe4 dxe4 32. b5 e3 33. b6 e2 34. Re1 Nxb6 35. Rxc8 Nxc8 36. Rxe2 Ne7 37. h4 Rc8 38. Nb6 Rc6 39. Rb2 Nd5 40. Nxd5 exd5 41. Rb8+ Kh7 42. Rd8 Rc5 43. h5 d4 44. Rxd4 Rxh5 45. Kg2 Rf5 46. Ra4 h5 47. Ra7 g5 48. f3 Kg6 49. g4 Rf4 50. gxh5+ Kxh5 51. Kg3 Kg6 52. Ra6+ Rf6 53. Ra3 Rb6 54. f4 f5 55. fxg5 Kxg5 56. Ra4 1/2-1/2

[Event "COL-ch Blitz"]
[Site "Bucaramanga"]
[Date "2024.10.27"]
[Round "10.6"]
[White "Bejarano Urrego, Dany Andres"]
[Black "Sanchez, Sebastian Felipe"]
[Result "0-1"]
[WhiteElo "1948"]
[BlackElo "2339"]
[PlyCount "76"]
[EventDate "2024.10.27"]
[EventType "swiss (blitz)"]
[EventRounds "11"]
[EventCountry "COL"]
[SourceTitle "CB44_2024"]
[Source "Chessbase"]
[SourceDate "2024.10.30"]
[SourceVersion "1"]
[SourceVersionDate "2024.10.30"]
[SourceQuality "1"]

1. e4 c5 2. d4 cxd4 3. c3 Nf6 4. e5 Nd5 5. cxd4 d6 6. Nf3 Nc6 7. Bc4 Nb6 8. Bb5 Bd7 9. exd6 e6 10. 0-0 Bxd6 11. Nc3 0-0 12. d5 exd5 13. Nxd5 Nxd5 14. Qxd5 Be6 15. Qh5 Qf6 16. Bd3 g6 17. Bg5 Qxb2 18. Qh4 f6 19. Bh6 Rf7 20. Rfe1 Bd5 21. Nd2 Qd4 22. Qh3 Ne5 23. Bc2 Ng4 24. Be3 Nxe3 25. Qxe3 Qxe3 26. Rxe3 Rd8 27. Nb3 Rfd7 28. Rd1 Bf4 29. Red3 Bc6 30. Nc5 Rxd3 31. Bxd3 Rd6 32. g3 Be5 33. f4 Bd4+ 34. Kf1 Bxc5 35. Bc4+ Kg7 36. Re1 Rd4 37. Bb3 Rd2 38. h4 Bg2# 0-1

[Event "COL-ch Blitz"]
[Site "Bucaramanga"]
[Date "2024.10.27"]
[Round "2.3"]
[White "Pineda Arevalo, Jose Ariel"]
[Black "Sanchez, Sebastian Felipe"]
[Result "0-1"]
[WhiteElo "1978"]
[BlackElo "2339"]
[PlyCount "36"]
[EventDate "2024.10.27"]
[EventType "swiss (blitz)"]
[EventRounds "11"]
[EventCountry "COL"]
[SourceTitle "CB44_2024"]
[Source "Chessbase"]
[SourceDate "2024.10.30"]
[SourceVersion "1"]
[SourceVersionDate "2024.10.30"]
[SourceQuality "1"]

1. e4 c5 2. Nf3 e6 3. d4 cxd4 4. Nxd4 Nc6 5. c4 Qh4 6. Nc3 Bb4 7. Qd3 Ne5 8. Qe3 Nf6 9. Ndb5 0-0 10. a3 Nfg4 11. Qg3 Qxg3 12. hxg3 Bc5 13. Nd1 d5 14. f3 Nf6 15. cxd5 exd5 16. exd5 Bd7 17. Bf4 Rfe8 18. Nc7 Nxf3# 0-1

[Event "COL-ch Blitz"]
[Site "Bucaramanga"]
[Date "2024.10.27"]
[Round "11.3"]
[White "Sanchez, Sebastian Felipe"]
[Black "Carrillo Parra, Miguel Alfredo"]
[Result "0-1"]
[WhiteElo "2339"]
[BlackElo "2250"]
[PlyCount "98"]
[EventDate "2024.10.27"]
[EventType "swiss (blitz)"]
[EventRounds "11"]
[EventCountry "COL"]
[SourceTitle "CB44_2024"]
[Source "Chessbase"]
[SourceDate "2024.10.30"]
[SourceVersion "1"]
[SourceVersionDate "2024.10.30"]
[SourceQuality "1"]

1. Nf3 d5 2. e3 Nf6 3. c4 e6 4. b3 c5 5. Bb2 Nc6 6. cxd5 exd5 7. d4 cxd4 8. Nxd4 Bb4+ 9. Nc3 Ne4 10. Rc1 Qa5 11. Nxc6 bxc6 12. Qc2 Qxa2 13. Bd3 Bxc3+ 14. Bxc3 Qxc2 15. Rxc2 Nxc3 16. Rxc3 Bd7 17. Kd2 Ke7 18. Ra1 Kd6 19. Ra5 Rhb8 20. Kc2 Rb6 21. Kb2 Be6 22. Ka3 Rab8 23. Bc2 R8b7 24. h3 h5 25. h4 Rb5 26. Ra6 R5b6 27. Ra5 g6 28. g3 Rc7 29. b4 Rcb7 30. Ba4 Bd7 31. Rac5 Rxb4 32. Bxc6 Bxc6 33. Rxc6+ Ke5 34. Rc7 Rb3+ 35. Rxb3 Rxc7 36. Rb4 Rc2 37. Rf4 f6 38. Kb4 Rc4+ 39. Rxc4 dxc4 40. Kxc4 Ke4 41. Kc5 Kf3 42. Kd5 Kxf2 43. e4 a5 44. Ke6 a4 45. Kxf6 a3 46. e5 a2 47. e6 a1Q+ 48. Kf7 Kxg3 49. e7 Qa7 0-1

[Event "COL-ch Blitz"]
[Site "Bucaramanga"]
[Date "2024.10.27"]
[Round "3.3"]
[White "Sanchez, Sebastian Felipe"]
[Black "Gonzalez Lopez, Nicolas Mateo"]
[Result "0-1"]
[WhiteElo "2339"]
[BlackElo "2099"]
[PlyCount "130"]
[EventDate "2024.10.27"]
[EventType "swiss (blitz)"]
[EventRounds "11"]
[EventCountry "COL"]
[SourceTitle "CB44_2024"]
[Source "Chessbase"]
[SourceDate "2024.10.30"]
[SourceVersion "1"]
[SourceVersionDate "2024.10.30"]
[SourceQuality "1"]

1. d4 Nf6 2. c4 d6 3. Nc3 e5 4. Nf3 Nbd7 5. g3 g6 6. Bg2 Bg7 7. 0-0 0-0 8. e4 Re8 9. d5 Nc5 10. Ne1 a5 11. Nd3 Bd7 12. Nxc5 dxc5 13. f4 exf4 14. gxf4 Ng4 15. e5 Qh4 16. h3 Nh6 17. Qe1 Qh5 18. Qe2 Qh4 19. Qf2 Qh5 20. Qf3 Qh4 21. Be3 Nf5 22. Bf2 Qh6 23. Bxc5 Nh4 24. Qg3 Nf5 25. Qd3 Rad8 26. Ne4 b6 27. Bd4 Bc8 28. Rad1 Bd7 29. Qc3 Nxd4 30. Rxd4 Bf5 31. Qg3 Bxe4 32. Rxe4 Bf8 33. Kh2 Bc5 34. a3 a4 35. Bf3 Re7 36. Bd1 f5 37. Re2 Kh8 38. Bxa4 Rg8 39. b4 Bd4 40. Rd2 Bxe5 41. c5 Bf6 42. d6 cxd6 43. cxd6 Re4 44. Bc6 Rc4 45. Bd5 Rc3 46. Rd3 Rc2+ 47. Kh1 Rd8 48. Bb3 Rb2 49. d7 Qg7 50. Rfd1 Qe7 51. R3d2 Rxd2 52. Rxd2 Qe4+ 53. Kh2 Kg7 54. b5 Qb1 55. Bc4 Qc1 56. Qd3 Qe1 57. Re2 Qh4 58. Qf3 Rxd7 59. a4 Re7 60. Rxe7+ Bxe7 61. Kg2 Bc5 62. Qc3+ Kh6 63. Qd2 Qf6 64. Qe1 Qd4 65. Qf1 Qb2+ 0-1

[Event "COL-ch Blitz"]
[Site "Bucaramanga"]
[Date "2024.10.27"]
[Round "7.5"]
[White "Sanchez, Sebastian Felipe"]
[Black "Hernandez Montes, Jhon Sebastian"]
[Result "0-1"]
[WhiteElo "2339"]
[BlackElo "2376"]
[PlyCount "82"]
[EventDate "2024.10.27"]
[EventType "swiss (blitz)"]
[EventRounds "11"]
[EventCountry "COL"]
[SourceTitle "CB44_2024"]
[Source "Chessbase"]
[SourceDate "2024.10.30"]
[SourceVersion "1"]
[SourceVersionDate "2024.10.30"]
[SourceQuality "1"]

1. d4 d5 2. Nf3 e6 3. Bf4 Bd6 4. e3 c5 5. dxc5 Bxc5 6. Nbd2 Nf6 7. a3 0-0 8. c4 a5 9. Be2 Re8 10. 0-0 Nc6 11. Qc2 d4 12. Nb3 Ba7 13. Nbxd4 Bxd4 14. exd4 Nxd4 15. Nxd4 Qxd4 16. Be3 Qh4 17. Rad1 e5 18. h3 Bxh3 19. gxh3 Qxh3 20. Rfe1 Ra6 21. Bf1 Qh4 22. Bg2 Ng4 23. Qe4 Rg6 24. Kf1 Qh5 25. Rd3 f5 26. Qd5+ Kh8 27. Bc5 e4 28. Rh3 Nh2+ 29. Rxh2 Qxh2 30. Qf7 Qxg2+ 31. Ke2 Qf3+ 32. Kd2 Rd8+ 33. Kc1 Qd3 34. Be3 Rc6 35. c5 f4 36. Qxf4 b6 37. Qg5 bxc5 38. Rg1 Rg6 39. Qxg6 hxg6 40. Rh1+ Kg8 41. Rg1 c4 0-1

[Event "COL-ch Blitz"]
[Site "Bucaramanga"]
[Date "2024.10.27"]
[Round "8.10"]
[White "Villamil Alarcon, Hector Orlando"]
[Black "Sanchez, Sebastian Felipe"]
[Result "0-1"]
[WhiteElo "1889"]
[BlackElo "2339"]
[PlyCount "55"]
[EventDate "2024.10.27"]
[EventType "swiss (blitz)"]
[EventRounds "11"]
[EventCountry "COL"]
[SourceTitle "CB44_2024"]
[Source "Chessbase"]
[SourceDate "2024.10.30"]
[SourceVersion "1"]
[SourceVersionDate "2024.10.30"]
[SourceQuality "1"]

1. e4 c5 2. Nf3 e6 3. d4 cxd4 4. Nxd4 Nc6 5. c4 Qh4 6. Nc3 Bb4 7. Nxc6 Qxe4+ 8. Be3 Qxc6 9. Be2 Nf6 10. 0-0 0-0 11. Qd3 Qd6 12. Qxd6 Bxd6 13. a3 Be5 14. Rac1 d5 15. cxd5 Nxd5 16. Nxd5 exd5 17. Bc5 Rd8 18. Bf3 Bxb2 19. Rb1 Bf6 20. Rfd1 b6 21. Bd4 Be7 22. a4 Be6 23. Rbc1 Rac8 24. h3 h6 25. Kf1 Rc4 26. Rxc4 dxc4 27. Ke2 Bd7 28. a5 0-1

[Event "Titled Tuesday intern op 20th Aug Late"]
[Site "Chess.com INT"]
[Date "2024.08.20"]
[Round "3"]
[White "Sanchez, Sebastian Felipe"]
[Black "Harriott, Tyrell"]
[Result "1-0"]
[WhiteElo "2388"]
[BlackElo "1924"]
[PlyCount "61"]
[EventDate "2024.08.20"]
[EventType "swiss (blitz)"]
[EventRounds "11"]
[EventCountry "USA"]
[SourceTitle "EXT 2025"]
[Source "ChessBase"]
[SourceDate "2024.10.14"]
[SourceVersion "1"]
[SourceVersionDate "2024.10.14"]
[SourceQuality "1"]

1. d4 d5 2. Nf3 e6 3. c4 c6 4. e3 Bd6 5. b3 f5 6. Bd3 Nf6 7. 0-0 0-0 8. Ba3 Bxa3 9. Nxa3 Nbd7 10. Qc2 Ne4 11. Nb1 b6 12. cxd5 cxd5 13. Qc6 Ndf6 14. Qxa8 Qc7 15. Na3 Bb7 16. Nb5 Qc6 17. Qxa7 Ra8 18. Rfc1 Nc5 19. dxc5 Rxa7 20. Nxa7 Qc7 21. c6 Bc8 22. Nxc8 Qxc8 23. c7 h6 24. Ba6 Qxa6 25. c8Q+ Qxc8 26. Rxc8+ Kh7 27. Rac1 Ne4 28. R1c7 Kg6 29. Ne5+ Kf6 30. f4 Nd6 31. Rf8+ 1-0

[Event "Aguascalientes 2nd"]
[Site "Aguascalientes"]
[Date "2024.08.10"]
[Round "7"]
[White "Nagy, Gabor"]
[Black "Sanchez, Sebastian Felipe"]
[Result "1/2-1/2"]
[WhiteElo "2449"]
[BlackElo "2388"]
[PlyCount "57"]
[EventDate "2024.08.06"]
[EventType "swiss"]
[EventRounds "9"]
[EventCountry "MEX"]
[SourceTitle "CBM 221 Extra"]
[Source "ChessBase"]
[SourceDate "2024.09.30"]
[SourceVersion "1"]
[SourceVersionDate "2024.09.30"]
[SourceQuality "1"]

1. c4 e6 2. Nc3 d5 3. d4 Nf6 4. Bg5 Nbd7 5. e3 c6 6. cxd5 exd5 7. Bd3 Bd6 8. Nf3 0-0 9. Bh4 Re8 10. 0-0 Nf8 11. Bg3 Bg4 12. Qb3 Bxf3 13. gxf3 Rb8 14. Kh1 Ne6 15. Rg1 Bxg3 16. hxg3 c5 17. dxc5 d4 18. exd4 Qxd4 19. Qc2 Qxc5 20. Ne4 Qh5+ 21. Kg2 Nd5 22. Qd2 Rbd8 23. Rh1 Ndf4+ 24. gxf4 Rxd3 25. Rxh5 Rxd2 26. Rb5 Nxf4+ 27. Kg3 Ne2+ 28. Kh2 Nd4 29. Rxb7 1/2-1/2

[Event "Aguascalientes 2nd"]
[Site "Aguascalientes"]
[Date "2024.08.09"]
[Round "6"]
[White "Sanchez, Sebastian Felipe"]
[Black "Cori Quispe, Kevin Joel"]
[Result "1/2-1/2"]
[WhiteElo "2388"]
[BlackElo "2463"]
[PlyCount "131"]
[EventDate "2024.08.06"]
[EventType "swiss"]
[EventRounds "9"]
[EventCountry "MEX"]
[SourceTitle "CBM 221 Extra"]
[Source "ChessBase"]
[SourceDate "2024.09.30"]
[SourceVersion "1"]
[SourceVersionDate "2024.09.30"]
[SourceQuality "1"]

1. Nf3 d5 2. d4 Nf6 3. c4 e6 4. g3 Bb4+ 5. Bd2 Be7 6. Bg2 0-0 7. 0-0 Nbd7 8. Bf4 c6 9. Nc3 dxc4 10. e4 Bb4 11. Nd2 Nb6 12. a3 Ba5 13. Be3 e5 14. dxe5 Ng4 15. Bc5 Re8 16. f4 Nd7 17. Bd4 b5 18. e6 Nf8 19. exf7+ Kxf7 20. Nf3 Ne6 21. Ne5+ Nxe5 22. Bxe5 Bb6+ 23. Kh1 Qxd1 24. Raxd1 Nc5 25. Rd6 Bb7 26. Rfd1 Nd3 27. Rd7+ Re7 28. R7xd3 cxd3 29. Bd6 Rd8 30. Bxe7 Kxe7 31. e5 Bc8 32. h3 Be6 33. Bxc6 Bb3 34. Bxb5 Bxd1 35. Nxd1 Rc8 36. Kg2 Rc1 37. Ba4 Rc2+ 38. Kf3 Re2 39. h4 h5 40. Bb5 Rd2 41. Ba4 Bd4 42. b4 Ra2 43. Ke4 Rxa3 44. Bb5 Bb6 45. Bxd3 Ra4 46. Nc3 Rxb4+ 47. Kf5 Rb3 48. Nd5+ Kf8 49. Be2 Rxg3 50. Bxh5 Bd8 51. Ke6 a5 52. Bd1 Rd3 53. Bc2 Rd2 54. Bb3 Rd4 55. f5 a4 56. Ba2 Rd2 57. Bc4 a3 58. Nf4 a2 59. f6 gxf6 60. exf6 a1Q 61. Ng6+ Kg8 62. f7+ Kh7 63. f8Q Kxg6 64. Qf7+ Kh6 65. Qf4+ Kg7 66. Qf7+ 1/2-1/2